Bundesländers of Germany - Flags - Statistics

General Stats
  • This quiz has been taken 320 times
  • The average score is 9 of 16
Answer Stats
Picture Answer % Correct
Bayern
93%
Berlin
89%
Hamburg
75%
Baden-Württemberg
63%
Sachsen
63%
Niedersachsen
61%
Bremen
54%
Sachsen-Anhalt
54%
Brandenburg
53%
Hessen
52%
Nordrhein-Westfalen
52%
Saarland
48%
Schleswig-Holstein
48%
Thüringen
48%
Mecklenburg-Vorpommern
46%
Rheinland-Pfalz
45%
No matching quizzes found
Score Distribution
Percent of People with Each Score
Percentile by Number Answered
Your Score History
You have not taken this quiz